banner

Exploración clínica en ortopedia: (Registro nro. 769)

000 -LEADER
fixed length control field 01331nam a2200325 a 4500
003 - CONTROL NUMBER IDENTIFIER
control field AR-BaISA
005 - DATE AND TIME OF LATEST TRANSACTION
control field 20220225105359.0
007 - PHYSICAL DESCRIPTION FIXED FIELD--GENERAL INFORMATION
fixed length control field ta
008 - FIXED-LENGTH DATA ELEMENTS--GENERAL INFORMATION
fixed length control field 180212s2017 sp ado | |||| 001 0 spa d
020 ## - INTERNATIONAL STANDARD BOOK NUMBER
International Standard Book Number 9788491132226
040 ## - CATALOGING SOURCE
Language of cataloging spa
Transcribing agency AR-BaISA
082 04 - DEWEY DECIMAL CLASSIFICATION NUMBER
Edition number 22
Classification number 615.82 C45
100 1# - MAIN ENTRY--PERSONAL NAME
Personal name Cleland, Joshua
9 (RLIN) 1831
Relator term aut.
245 10 - TITLE STATEMENT
Title Exploración clínica en ortopedia:
Remainder of title un enfoque basado en la evidencia /
Statement of responsibility, etc. Frank Netter; Joshua A. Cleland, Shane Koppenhaver y Jonathan Su
246 30 - VARYING FORM OF TITLE
Title proper/short title Netter, Exploración clínica en ortopedia
250 ## - EDITION STATEMENT
Edition statement 3ª ed.
260 ## - PUBLICATION, DISTRIBUTION, ETC.
Place of publication, distribution, etc. Barcelona:
Name of publisher, distributor, etc. Elsevier,
Date of publication, distribution, etc. 2017
300 ## - PHYSICAL DESCRIPTION
Extent XI, 651 p.:
Other physical details il. graf., fot.;
Dimensions 26 cm.
336 ## - CONTENT TYPE
Content type term Texto (visual)
Source isbdcontent
337 ## - MEDIA TYPE
Media type term sin mediación
Source isbdmedia
504 ## - BIBLIOGRAPHY, ETC. NOTE
Bibliography, etc. note Bibliografía al final de cada capítulo
504 ## - BIBLIOGRAPHY, ETC. NOTE
Bibliography, etc. note Índice p.: 611-651
505 ## - FORMATTED CONTENTS NOTE
Title La fiabilidad y utilidad diagnóstica de la exploración clínica en ortopedia --
-- Articulación temporomandibular --
-- Columna cervical --
-- Región sacroilíaca --
-- Cadera y pelvis --
-- Rodilla --
-- Pie y tobillo --
-- Hombro --
-- Codo y antebrazo --
-- Mano
650 14 - SUBJECT ADDED ENTRY--TOPICAL TERM
Topical term or geographic name entry element Aparato locomotor
9 (RLIN) 880
650 14 - SUBJECT ADDED ENTRY--TOPICAL TERM
Topical term or geographic name entry element Ortopedia
9 (RLIN) 1008
700 ## - ADDED ENTRY--PERSONAL NAME
9 (RLIN) 1832
Personal name Koppenhaver, Shane
Relator term aut.
700 ## - ADDED ENTRY--PERSONAL NAME
9 (RLIN) 1833
Personal name Su, Jonathan
Relator term aut.
700 ## - ADDED ENTRY--PERSONAL NAME
9 (RLIN) 1263
Personal name Netter, Frank
Relator term aut.
942 ## - ADDED ENTRY ELEMENTS (KOHA)
Source of classification or shelving scheme
Koha item type Libros
Edition 22
Existencias
Withdrawn status Lost status Source of classification or shelving scheme Damaged status Not for loan Permanent Location Current Location Date acquired Inventory number Total Checkouts Total Renewals Full call number Barcode Checked out Date last seen Date last checked out Copy number Price effective from Koha item type
          Biblioteca ISALUD. Dr. Néstor Rodríguez Campoamor Biblioteca ISALUD. Dr. Néstor Rodríguez Campoamor 2022-02-25 4290 4 1 615.82 C45 4290 2024-10-03 2024-09-19 2024-09-19 ej. 1 2022-02-25 Libros
          Biblioteca ISALUD. Dr. Néstor Rodríguez Campoamor Biblioteca ISALUD. Dr. Néstor Rodríguez Campoamor 2022-02-25 4291 5 11 615.82 C45 4291   2025-06-11 2025-05-21 ej. 2 2022-02-25 Libros